| 000 | 00754nam a2200265Ia 4500 | ||
|---|---|---|---|
| 003 | OSt | ||
| 005 | 20220918164949.0 | ||
| 006 | a|||||r|||| 00| 0 | ||
| 007 | ta | ||
| 008 | 220917b |||||||| |||| 00| 0 eng d | ||
| 020 | _a0826457096 (hbk) | ||
| 024 | _a232,292 | ||
| 037 | _cTextual | ||
| 040 |
_aARTS _cARTS _beng |
||
| 041 |
_2eng _aeng |
||
| 082 | _aQ:(S:4), P2 | ||
| 100 |
_aPyysiainen Llkka Ed. _921953 |
||
| 245 | 0 | _aCurrent approaches in the cognitive science of religion | |
| 260 |
_aLondon _bContinuum _c2002 |
||
| 300 |
_avii, 277p. _ccm. |
||
| 650 | _aRELIGION | ||
| 700 |
_a Anttonen Veikko Ed. _921954 |
||
| 942 |
_hQ:(S:4), P2 _cTEXL _2CC |
||
| 999 |
_c127668 _d127668 |
||